000 00826cam a22002651 4500
001 2645187
003 OSt
005 20140115090059.0
008 731207s1967 nyuab b 000 0 eng
010 _a 67030847
040 _aDLC
_cDLC
_dDLC
043 _aa-cc---
050 0 0 _aDS723
_b.S3
082 0 0 _a913.31/03
100 1 _aSchafer, Edward H.
_923977
245 1 0 _aAncient China,
_cby Edward H. Schafer and the editors of Time-Life Books.
260 _aNew York,
_bTime-Life Books
_c[1967]
300 _a191 p.
_billus. (part col.), col. maps.
_c28 cm.
490 0 _aGreat ages of man; a history of the world's cultures
504 _aBibliography: p. 186.
651 0 _aChina
_xCivilization.
_923978
710 2 _aTime-Life Books.
_923979
906 _a7
_bcbc
_corignew
_du
_eocip
_f19
_gy-gencatlg
942 _2lcc
_cBK
999 _c58312
_d58286